| 000 -LEADER |
| fixed length control field |
00480cam a22001337a 4500 |
| 008 - FIXED-LENGTH DATA ELEMENTS--GENERAL INFORMATION |
| fixed length control field |
180718b1988 xxu||||| |||| 00| 0 eng d |
| 082 ## - DEWEY DECIMAL CLASSIFICATION NUMBER |
| Classification number |
B73064x5444 1988-89 |
| 100 ## - MAIN ENTRY--PERSONAL NAME |
| Personal name |
Karnataka. Directorate of Economics and Statistics |
| 9 (RLIN) |
3568 |
| 245 ## - TITLE STATEMENT |
| Title |
Year book 1988-89 |
| Statement of responsibility, etc |
by Directorate of Economics and Statistics |
| 260 ## - PUBLICATION, DISTRIBUTION, ETC. (IMPRINT) |
| Place of publication, distribution, etc |
Banglaore |
| Name of publisher, distributor, etc |
The Calcutta Municipal corporation |
| Date of publication, distribution, etc |
1989 |
| 300 ## - PHYSICAL DESCRIPTION |
| Extent |
101p. |
| 650 ## - SUBJECT ADDED ENTRY--TOPICAL TERM |
| Topical term or geographic name as entry element |
Calcutta -- Politics and government -- Periodicals |
| 9 (RLIN) |
4001 |
| 942 ## - ADDED ENTRY ELEMENTS (KOHA) |
| Source of classification or shelving scheme |
|